• 首页
  • 本馆介绍
  • 公告通知
  • 最新文献
  • 馆藏检索
  • 电子资源
  • 读者导购
  • 参考咨询
  • 我的图书馆
  • 登录
  • 详细信息显示
  • 放入我的书架
  • 预约/预借图书
  • 作者相关作品
  • 分类相关作品
  • 丛书相关作品
  • 出版社相关作品

书目信息

  • 表格格式
  • 工作单格式
  • 卡片格式
题名:
庄子现代版
    
 
作者: 流沙河 著
分册:  
出版信息: 北京   北京联合出版公司  2019
页数: 301页
开本: 24cm
丛书名:
单 册:
中图分类: B223.55
科图分类:
主题词: 道家--dao jia
电子资源:
ISBN: 978-7-5596-2911-1
000 00865nam0 2200265 450
001 2151108312
005 20211018173724.0
010    @a978-7-5596-2911-1@dCNY48.00
100    @a20190508d2019 em y0chiy50 ea
101 0  @achi
102    @aCN@b110000
105    @ay z 000yy
106    @ar
200 1  @a庄子现代版@Azhuang zi xian dai ban@f流沙河著
210    @a北京@c北京联合出版公司@d2019
215    @a301页@d24cm
300    @a流沙河讲国学
314    @a流沙河(1931.11-),编辑、诗人、作家,中国作协会员。四川金堂人。著有诗集《告别火星》、《流沙河诗集》等。
330    @a本书原汁原味、按《庄子》原书体例呈现,并融进了作者的体验和思考。
605    @a《庄子》@Azhuang zi@x研究
606 0  @a道家@Adao jia
690    @aB223.55@v5
701  0 @a流沙河@Aliu sha he@f(1931.11-)@4著
801  0 @aCN@b百万庄@c20211016
905    @b1309960-63@dB223.55@e1005@f4
    
    庄子现代版/流沙河著.-北京:北京联合出版公司,2019
    301页;24cm
    流沙河讲国学
    
    ISBN 978-7-5596-2911-1:CNY48.00
    本书原汁原味、按《庄子》原书体例呈现,并融进了作者的体验和思考。
●
相关链接 在E读中查询图书 在五车中查询图书 在当当中查询图书 在豆瓣中查询图书


正题名:庄子现代版     索取号:B223.55/1005         预约/预借

序号 登录号 条形码 馆藏地/架位号 状态 备注
1 1309960   213099608   第一样本阅览室/ [索取号:B223.55/1005] 在馆    
2 1309961   213099617   第一借阅区/ [索取号:B223.55/1005] 在馆    
3 1309962   213099626   第一借阅区/ [索取号:B223.55/1005] 在馆    
4 1309963   213099635   第一借阅区/ [索取号:B223.55/1005] 在馆    
唐山师范学院图书馆 欢迎您!
大连网信软件有限公司© 版权所有